00477nam a2200133Ia 4500008004100000041000800041082000800049100003000057245004100087260003900128906001200167999001700179952014700196221007s9999 xx 000 0 und d aeng bBBC aBBC Worldwide Ltd.996457 aDays That Shook The World : Disc - 6 c2010bSaregama India Ltd.aKolkata bGeneral c60835d60835 00104070aHIMRbHIMRd2011-02-05eDream Beckons Educational Booksi18345l0o BBCpHIMR-AV-1291r2022-10-07 00:00:00w2011-01-24yVCzAV1291